| 000 | 00333nam a2200109Ia 4500 | ||
|---|---|---|---|
| 008 | 171211s9999 xx 000 0 und d | ||
| 245 | _aSmart Sensing and Context | ||
| 245 | _cGerd Kortuem, Kai Kunze, and Paul Lukowicz | ||
| 260 | _c2010 | ||
| 650 | _xINFORMATION TECHNOLOGIES | ||
| 856 | _uhttp://down.ebook777.com/064/3642169813.pdf | ||
| 999 |
_c349713 _d349713 |
||